00881 a2200181 4500003000500000005001700005010001700022020002800039040000900067082001600076100001900092245004400111260005200155300003300207505033200240650003600572856009100608Nust20221209173039.0 a 2005041065 a0849329604 (alk. paper) cNust00a621.382,HEL1 aHeld, Gilbert,10aWireless mesh networks /cGilbert Held. aBoca Raton, FL :bAuerbach Publications,c2005. axv, 144 p. :bill. ;c25 cm. aIntroduction to Wireless Mesh Networking (Page-1), Radio Frequency Utilization (Page-21), Mesh Network Components (Page-43), Routing Protocols (Page-59), Network Operation (Page-83), Creating a Hotpoint Based Mesh Network (Page-105), Wireless Mesh Standards (Page-131), The Future of Wireless Mesh Networking (Page-137).  0aTelecommunications engineering.423Publisher descriptionuhttp://www.loc.gov/catdir/enhancements/fy0647/2005041065-d.html